<?xml version="1.0" encoding="UTF-8"?>
<record
    xmlns:xsi="http://www.w3.org/2001/XMLSchema-instance"
    xsi:schemaLocation="http://www.loc.gov/MARC21/slim http://www.loc.gov/standards/marcxml/schema/MARC21slim.xsd"
    xmlns="http://www.loc.gov/MARC21/slim">

  <leader>01133cam a2200289 i 4500</leader>
  <controlfield tag="001">20037805</controlfield>
  <controlfield tag="003">OSt</controlfield>
  <controlfield tag="005">20250709110710.0</controlfield>
  <controlfield tag="008">170927s2019    nyua     b    001 0 eng  </controlfield>
  <datafield tag="010" ind1=" " ind2=" ">
    <subfield code="a">  2017043368</subfield>
  </datafield>
  <datafield tag="020" ind1=" " ind2=" ">
    <subfield code="a">9789356064270</subfield>
  </datafield>
  <datafield tag="040" ind1=" " ind2=" ">
    <subfield code="a">DLC</subfield>
    <subfield code="b">eng</subfield>
    <subfield code="c">DLC</subfield>
    <subfield code="e">rda</subfield>
    <subfield code="d">DLC</subfield>
  </datafield>
  <datafield tag="042" ind1=" " ind2=" ">
    <subfield code="a">pcc</subfield>
  </datafield>
  <datafield tag="050" ind1="0" ind2="0">
    <subfield code="a">HD58.7</subfield>
    <subfield code="b">.R62 2019</subfield>
  </datafield>
  <datafield tag="082" ind1="0" ind2="0">
    <subfield code="a">658.3</subfield>
    <subfield code="b">ROB/O</subfield>
  </datafield>
  <datafield tag="100" ind1=" " ind2=" ">
    <subfield code="a">Robbins, Stephen P </subfield>
    <subfield code="d">1943-</subfield>
    <subfield code="e">author.</subfield>
    <subfield code="9">1502</subfield>
  </datafield>
  <datafield tag="245" ind1="1" ind2="0">
    <subfield code="a">Organizational behavior /</subfield>
    <subfield code="c">Stephen P. Robbins, San Diego State University, Timothy A. Judge, The Ohio State University, Neharika Vohra, Indian Institute of Management Ahmedabad</subfield>
  </datafield>
  <datafield tag="250" ind1=" " ind2=" ">
    <subfield code="a">Updated 18th edition.</subfield>
  </datafield>
  <datafield tag="264" ind1=" " ind2="1">
    <subfield code="a">New York, NY :</subfield>
    <subfield code="b">Pearson,</subfield>
    <subfield code="c">[2022]</subfield>
  </datafield>
  <datafield tag="300" ind1=" " ind2=" ">
    <subfield code="a">xxxii, 796 pages :</subfield>
    <subfield code="b">color illustrations ;</subfield>
    <subfield code="c">28 cm</subfield>
  </datafield>
  <datafield tag="338" ind1=" " ind2=" ">
    <subfield code="a">volume</subfield>
    <subfield code="b">nc</subfield>
    <subfield code="2">rdacarrier</subfield>
  </datafield>
  <datafield tag="504" ind1=" " ind2=" ">
    <subfield code="a">Includes bibliographical references and indexes.</subfield>
  </datafield>
  <datafield tag="650" ind1=" " ind2="0">
    <subfield code="a">Organizational behavior.</subfield>
  </datafield>
  <datafield tag="700" ind1="1" ind2=" ">
    <subfield code="a">Judge, Tim,</subfield>
    <subfield code="e">author.</subfield>
  </datafield>
  <datafield tag="942" ind1=" " ind2=" ">
    <subfield code="2">ddc</subfield>
    <subfield code="c">BK</subfield>
    <subfield code="h">658.3</subfield>
    <subfield code="i">ROB/O</subfield>
    <subfield code="k">658.3</subfield>
    <subfield code="m">ROB/O</subfield>
  </datafield>
  <datafield tag="952" ind1=" " ind2=" ">
    <subfield code="0">0</subfield>
    <subfield code="1">0</subfield>
    <subfield code="2">ddc</subfield>
    <subfield code="4">0</subfield>
    <subfield code="7">0</subfield>
    <subfield code="8">MANAGEMENT</subfield>
    <subfield code="a">MES</subfield>
    <subfield code="b">MES</subfield>
    <subfield code="c">MANAGEMENT</subfield>
    <subfield code="d">2023-08-26</subfield>
    <subfield code="l">0</subfield>
    <subfield code="o">658.3 ROB/O</subfield>
    <subfield code="p">42231</subfield>
    <subfield code="r">2023-08-26 15:22:23</subfield>
    <subfield code="v">1100.00</subfield>
    <subfield code="w">2023-08-26</subfield>
    <subfield code="y">BK</subfield>
    <subfield code="z">GL54R4</subfield>
  </datafield>
  <datafield tag="952" ind1=" " ind2=" ">
    <subfield code="0">0</subfield>
    <subfield code="1">0</subfield>
    <subfield code="2">ddc</subfield>
    <subfield code="4">0</subfield>
    <subfield code="7">0</subfield>
    <subfield code="8">MANAGEMENT</subfield>
    <subfield code="a">MES</subfield>
    <subfield code="b">MES</subfield>
    <subfield code="c">MANAGEMENT</subfield>
    <subfield code="d">2025-06-09</subfield>
    <subfield code="l">0</subfield>
    <subfield code="o">658.3 ROB/O</subfield>
    <subfield code="p">45352</subfield>
    <subfield code="r">2025-06-09 15:23:31</subfield>
    <subfield code="t">1</subfield>
    <subfield code="w">2025-06-09</subfield>
    <subfield code="y">BK</subfield>
    <subfield code="z">GL54R4</subfield>
  </datafield>
  <datafield tag="952" ind1=" " ind2=" ">
    <subfield code="0">0</subfield>
    <subfield code="1">0</subfield>
    <subfield code="2">ddc</subfield>
    <subfield code="4">0</subfield>
    <subfield code="7">0</subfield>
    <subfield code="8">MANAGEMENT</subfield>
    <subfield code="a">MES</subfield>
    <subfield code="b">MES</subfield>
    <subfield code="c">MANAGEMENT</subfield>
    <subfield code="d">2025-06-09</subfield>
    <subfield code="l">0</subfield>
    <subfield code="o">658.3 ROB/O</subfield>
    <subfield code="p">45353</subfield>
    <subfield code="r">2025-06-09 15:23:31</subfield>
    <subfield code="t">2</subfield>
    <subfield code="w">2025-06-09</subfield>
    <subfield code="y">BK</subfield>
    <subfield code="z">GL54R4</subfield>
  </datafield>
  <datafield tag="952" ind1=" " ind2=" ">
    <subfield code="0">0</subfield>
    <subfield code="1">0</subfield>
    <subfield code="2">ddc</subfield>
    <subfield code="4">0</subfield>
    <subfield code="7">0</subfield>
    <subfield code="8">MANAGEMENT</subfield>
    <subfield code="a">MES</subfield>
    <subfield code="b">MES</subfield>
    <subfield code="c">MANAGEMENT</subfield>
    <subfield code="d">2025-06-09</subfield>
    <subfield code="l">0</subfield>
    <subfield code="o">658.3 ROB/O</subfield>
    <subfield code="p">45354</subfield>
    <subfield code="r">2025-06-09 15:23:31</subfield>
    <subfield code="t">3</subfield>
    <subfield code="w">2025-06-09</subfield>
    <subfield code="y">BK</subfield>
    <subfield code="z">GL54R4</subfield>
  </datafield>
  <datafield tag="952" ind1=" " ind2=" ">
    <subfield code="0">0</subfield>
    <subfield code="1">0</subfield>
    <subfield code="2">ddc</subfield>
    <subfield code="4">0</subfield>
    <subfield code="7">0</subfield>
    <subfield code="8">MANAGEMENT</subfield>
    <subfield code="a">MES</subfield>
    <subfield code="b">MES</subfield>
    <subfield code="c">MANAGEMENT</subfield>
    <subfield code="d">2025-06-09</subfield>
    <subfield code="l">0</subfield>
    <subfield code="o">658.3 ROB/O</subfield>
    <subfield code="p">45355</subfield>
    <subfield code="r">2025-06-09 15:23:31</subfield>
    <subfield code="t">4</subfield>
    <subfield code="w">2025-06-09</subfield>
    <subfield code="y">BK</subfield>
    <subfield code="z">GL54R4</subfield>
  </datafield>
  <datafield tag="952" ind1=" " ind2=" ">
    <subfield code="0">0</subfield>
    <subfield code="1">0</subfield>
    <subfield code="2">ddc</subfield>
    <subfield code="4">0</subfield>
    <subfield code="7">0</subfield>
    <subfield code="8">MANAGEMENT</subfield>
    <subfield code="a">MES</subfield>
    <subfield code="b">MES</subfield>
    <subfield code="c">MANAGEMENT</subfield>
    <subfield code="d">2025-06-09</subfield>
    <subfield code="l">0</subfield>
    <subfield code="o">658.3 ROB/O</subfield>
    <subfield code="p">45356</subfield>
    <subfield code="r">2025-06-09 15:23:31</subfield>
    <subfield code="t">5</subfield>
    <subfield code="w">2025-06-09</subfield>
    <subfield code="y">BK</subfield>
    <subfield code="z">GL54R4</subfield>
  </datafield>
  <datafield tag="952" ind1=" " ind2=" ">
    <subfield code="0">0</subfield>
    <subfield code="1">0</subfield>
    <subfield code="2">ddc</subfield>
    <subfield code="4">0</subfield>
    <subfield code="7">0</subfield>
    <subfield code="8">MANAGEMENT</subfield>
    <subfield code="a">MES</subfield>
    <subfield code="b">MES</subfield>
    <subfield code="c">MANAGEMENT</subfield>
    <subfield code="d">2025-06-09</subfield>
    <subfield code="l">0</subfield>
    <subfield code="o">658.3 ROB/O</subfield>
    <subfield code="p">45357</subfield>
    <subfield code="r">2025-06-09 15:23:31</subfield>
    <subfield code="t">6</subfield>
    <subfield code="w">2025-06-09</subfield>
    <subfield code="y">BK</subfield>
    <subfield code="z">GL54R4</subfield>
  </datafield>
  <datafield tag="952" ind1=" " ind2=" ">
    <subfield code="0">0</subfield>
    <subfield code="1">0</subfield>
    <subfield code="2">ddc</subfield>
    <subfield code="4">0</subfield>
    <subfield code="7">0</subfield>
    <subfield code="8">MANAGEMENT</subfield>
    <subfield code="a">MES</subfield>
    <subfield code="b">MES</subfield>
    <subfield code="c">MANAGEMENT</subfield>
    <subfield code="d">2025-06-09</subfield>
    <subfield code="l">0</subfield>
    <subfield code="o">658.3 ROB/O</subfield>
    <subfield code="p">45358</subfield>
    <subfield code="r">2025-06-09 15:23:31</subfield>
    <subfield code="t">7</subfield>
    <subfield code="w">2025-06-09</subfield>
    <subfield code="y">BK</subfield>
    <subfield code="z">GL54R4</subfield>
  </datafield>
  <datafield tag="952" ind1=" " ind2=" ">
    <subfield code="0">0</subfield>
    <subfield code="1">0</subfield>
    <subfield code="2">ddc</subfield>
    <subfield code="4">0</subfield>
    <subfield code="7">0</subfield>
    <subfield code="8">MANAGEMENT</subfield>
    <subfield code="a">MES</subfield>
    <subfield code="b">MES</subfield>
    <subfield code="c">MANAGEMENT</subfield>
    <subfield code="d">2025-06-09</subfield>
    <subfield code="l">0</subfield>
    <subfield code="o">658.3 ROB/O</subfield>
    <subfield code="p">45359</subfield>
    <subfield code="r">2025-06-09 15:23:31</subfield>
    <subfield code="t">8</subfield>
    <subfield code="w">2025-06-09</subfield>
    <subfield code="y">BK</subfield>
    <subfield code="z">GL54R4</subfield>
  </datafield>
  <datafield tag="952" ind1=" " ind2=" ">
    <subfield code="0">0</subfield>
    <subfield code="1">0</subfield>
    <subfield code="2">ddc</subfield>
    <subfield code="4">0</subfield>
    <subfield code="7">0</subfield>
    <subfield code="8">MANAGEMENT</subfield>
    <subfield code="a">MES</subfield>
    <subfield code="b">MES</subfield>
    <subfield code="c">MANAGEMENT</subfield>
    <subfield code="d">2025-06-09</subfield>
    <subfield code="l">0</subfield>
    <subfield code="o">658.3 ROB/O</subfield>
    <subfield code="p">45360</subfield>
    <subfield code="r">2025-06-09 15:23:31</subfield>
    <subfield code="t">9</subfield>
    <subfield code="w">2025-06-09</subfield>
    <subfield code="y">BK</subfield>
    <subfield code="z">GL54R4</subfield>
  </datafield>
  <datafield tag="952" ind1=" " ind2=" ">
    <subfield code="0">0</subfield>
    <subfield code="1">0</subfield>
    <subfield code="2">ddc</subfield>
    <subfield code="4">0</subfield>
    <subfield code="7">0</subfield>
    <subfield code="8">MANAGEMENT</subfield>
    <subfield code="a">MES</subfield>
    <subfield code="b">MES</subfield>
    <subfield code="c">MANAGEMENT</subfield>
    <subfield code="d">2025-06-09</subfield>
    <subfield code="l">0</subfield>
    <subfield code="o">658.3 ROB/O</subfield>
    <subfield code="p">45361</subfield>
    <subfield code="r">2025-06-09 15:23:31</subfield>
    <subfield code="t">10</subfield>
    <subfield code="w">2025-06-09</subfield>
    <subfield code="y">BK</subfield>
    <subfield code="z">GL54R4</subfield>
  </datafield>
  <datafield tag="952" ind1=" " ind2=" ">
    <subfield code="0">0</subfield>
    <subfield code="1">0</subfield>
    <subfield code="2">ddc</subfield>
    <subfield code="4">0</subfield>
    <subfield code="7">0</subfield>
    <subfield code="8">MANAGEMENT</subfield>
    <subfield code="a">MES</subfield>
    <subfield code="b">MES</subfield>
    <subfield code="c">MANAGEMENT</subfield>
    <subfield code="d">2025-06-09</subfield>
    <subfield code="l">0</subfield>
    <subfield code="o">658.3 ROB/O</subfield>
    <subfield code="p">45362</subfield>
    <subfield code="r">2025-06-09 15:24:25</subfield>
    <subfield code="t">11</subfield>
    <subfield code="w">2025-06-09</subfield>
    <subfield code="y">BK</subfield>
    <subfield code="z">GL54R4</subfield>
  </datafield>
  <datafield tag="952" ind1=" " ind2=" ">
    <subfield code="0">0</subfield>
    <subfield code="1">0</subfield>
    <subfield code="2">ddc</subfield>
    <subfield code="4">0</subfield>
    <subfield code="7">0</subfield>
    <subfield code="8">MANAGEMENT</subfield>
    <subfield code="a">MES</subfield>
    <subfield code="b">MES</subfield>
    <subfield code="c">MANAGEMENT</subfield>
    <subfield code="d">2025-06-09</subfield>
    <subfield code="l">0</subfield>
    <subfield code="o">658.3 ROB/O</subfield>
    <subfield code="p">45363</subfield>
    <subfield code="r">2025-06-09 15:24:25</subfield>
    <subfield code="t">12</subfield>
    <subfield code="w">2025-06-09</subfield>
    <subfield code="y">BK</subfield>
    <subfield code="z">GL54R4</subfield>
  </datafield>
  <datafield tag="952" ind1=" " ind2=" ">
    <subfield code="0">0</subfield>
    <subfield code="1">0</subfield>
    <subfield code="2">ddc</subfield>
    <subfield code="4">0</subfield>
    <subfield code="7">0</subfield>
    <subfield code="8">MANAGEMENT</subfield>
    <subfield code="a">MES</subfield>
    <subfield code="b">MES</subfield>
    <subfield code="c">MANAGEMENT</subfield>
    <subfield code="d">2025-06-09</subfield>
    <subfield code="l">0</subfield>
    <subfield code="o">658.3 ROB/O</subfield>
    <subfield code="p">45364</subfield>
    <subfield code="r">2025-06-09 15:24:25</subfield>
    <subfield code="t">13</subfield>
    <subfield code="w">2025-06-09</subfield>
    <subfield code="y">BK</subfield>
    <subfield code="z">GL54R4</subfield>
  </datafield>
  <datafield tag="952" ind1=" " ind2=" ">
    <subfield code="0">0</subfield>
    <subfield code="1">0</subfield>
    <subfield code="2">ddc</subfield>
    <subfield code="4">0</subfield>
    <subfield code="7">0</subfield>
    <subfield code="8">MANAGEMENT</subfield>
    <subfield code="a">MES</subfield>
    <subfield code="b">MES</subfield>
    <subfield code="c">MANAGEMENT</subfield>
    <subfield code="d">2025-06-09</subfield>
    <subfield code="l">0</subfield>
    <subfield code="o">658.3 ROB/O</subfield>
    <subfield code="p">45365</subfield>
    <subfield code="r">2025-06-09 15:24:25</subfield>
    <subfield code="t">14</subfield>
    <subfield code="w">2025-06-09</subfield>
    <subfield code="y">BK</subfield>
    <subfield code="z">GL54R4</subfield>
  </datafield>
  <datafield tag="952" ind1=" " ind2=" ">
    <subfield code="0">0</subfield>
    <subfield code="1">0</subfield>
    <subfield code="2">ddc</subfield>
    <subfield code="4">0</subfield>
    <subfield code="7">0</subfield>
    <subfield code="8">MANAGEMENT</subfield>
    <subfield code="a">MES</subfield>
    <subfield code="b">MES</subfield>
    <subfield code="c">MANAGEMENT</subfield>
    <subfield code="d">2025-06-09</subfield>
    <subfield code="l">0</subfield>
    <subfield code="o">658.3 ROB/O</subfield>
    <subfield code="p">45366</subfield>
    <subfield code="r">2025-06-09 15:24:25</subfield>
    <subfield code="t">15</subfield>
    <subfield code="w">2025-06-09</subfield>
    <subfield code="y">BK</subfield>
    <subfield code="z">GL54R4</subfield>
  </datafield>
  <datafield tag="952" ind1=" " ind2=" ">
    <subfield code="0">0</subfield>
    <subfield code="1">0</subfield>
    <subfield code="2">ddc</subfield>
    <subfield code="4">0</subfield>
    <subfield code="7">0</subfield>
    <subfield code="8">MANAGEMENT</subfield>
    <subfield code="a">MES</subfield>
    <subfield code="b">MES</subfield>
    <subfield code="c">MANAGEMENT</subfield>
    <subfield code="d">2025-06-09</subfield>
    <subfield code="l">0</subfield>
    <subfield code="o">658.3 ROB/O</subfield>
    <subfield code="p">45367</subfield>
    <subfield code="r">2025-06-09 15:24:25</subfield>
    <subfield code="t">16</subfield>
    <subfield code="w">2025-06-09</subfield>
    <subfield code="y">BK</subfield>
    <subfield code="z">GL54R4</subfield>
  </datafield>
  <datafield tag="952" ind1=" " ind2=" ">
    <subfield code="0">0</subfield>
    <subfield code="1">0</subfield>
    <subfield code="2">ddc</subfield>
    <subfield code="4">0</subfield>
    <subfield code="7">0</subfield>
    <subfield code="8">MANAGEMENT</subfield>
    <subfield code="a">MES</subfield>
    <subfield code="b">MES</subfield>
    <subfield code="c">MANAGEMENT</subfield>
    <subfield code="d">2025-06-09</subfield>
    <subfield code="l">0</subfield>
    <subfield code="o">658.3 ROB/O</subfield>
    <subfield code="p">45368</subfield>
    <subfield code="r">2025-06-09 15:24:25</subfield>
    <subfield code="t">17</subfield>
    <subfield code="w">2025-06-09</subfield>
    <subfield code="y">BK</subfield>
    <subfield code="z">GL54R4</subfield>
  </datafield>
  <datafield tag="952" ind1=" " ind2=" ">
    <subfield code="0">0</subfield>
    <subfield code="1">0</subfield>
    <subfield code="2">ddc</subfield>
    <subfield code="4">0</subfield>
    <subfield code="7">0</subfield>
    <subfield code="8">MANAGEMENT</subfield>
    <subfield code="a">MES</subfield>
    <subfield code="b">MES</subfield>
    <subfield code="c">MANAGEMENT</subfield>
    <subfield code="d">2025-06-09</subfield>
    <subfield code="l">0</subfield>
    <subfield code="o">658.3 ROB/O</subfield>
    <subfield code="p">45369</subfield>
    <subfield code="r">2025-06-09 15:25:41</subfield>
    <subfield code="t">18</subfield>
    <subfield code="w">2025-06-09</subfield>
    <subfield code="y">BK</subfield>
    <subfield code="z">GL54R4</subfield>
  </datafield>
  <datafield tag="952" ind1=" " ind2=" ">
    <subfield code="0">0</subfield>
    <subfield code="1">0</subfield>
    <subfield code="2">ddc</subfield>
    <subfield code="4">0</subfield>
    <subfield code="7">0</subfield>
    <subfield code="8">MANAGEMENT</subfield>
    <subfield code="a">MES</subfield>
    <subfield code="b">MES</subfield>
    <subfield code="c">MANAGEMENT</subfield>
    <subfield code="d">2025-06-09</subfield>
    <subfield code="l">0</subfield>
    <subfield code="o">658.3 ROB/O</subfield>
    <subfield code="p">45370</subfield>
    <subfield code="r">2025-06-09 15:25:41</subfield>
    <subfield code="t">19</subfield>
    <subfield code="w">2025-06-09</subfield>
    <subfield code="y">BK</subfield>
    <subfield code="z">GL54R4</subfield>
  </datafield>
  <datafield tag="952" ind1=" " ind2=" ">
    <subfield code="0">0</subfield>
    <subfield code="1">0</subfield>
    <subfield code="2">ddc</subfield>
    <subfield code="4">0</subfield>
    <subfield code="7">0</subfield>
    <subfield code="8">MANAGEMENT</subfield>
    <subfield code="a">MES</subfield>
    <subfield code="b">MES</subfield>
    <subfield code="c">MANAGEMENT</subfield>
    <subfield code="d">2025-06-09</subfield>
    <subfield code="l">0</subfield>
    <subfield code="o">658.3 ROB/O</subfield>
    <subfield code="p">46013</subfield>
    <subfield code="r">2025-06-09 15:25:41</subfield>
    <subfield code="t">20</subfield>
    <subfield code="w">2025-06-09</subfield>
    <subfield code="y">BK</subfield>
    <subfield code="z">GL54R4</subfield>
  </datafield>
  <datafield tag="999" ind1=" " ind2=" ">
    <subfield code="c">44445</subfield>
    <subfield code="d">44445</subfield>
  </datafield>
</record>
